000 00622nam a2200229Ia 4500
003 OSt
005 20220928141720.0
006 a|||||r|||| 00| 0
007 ta
008 220927b |||||||| |||| 00| 0 eng d
024 _a17049
037 _cTextual
040 _aSDCL
_cSDCL
_beng
041 _2eng
_aeng
082 _aD651:915, M9
100 _aNetravali Arun N Ed.
_9501751
245 0 _aVisual communications systems.
260 _c1989
700 _a Prasada Birendra Ed.
_9501752
942 _hD651:915, M9
_cTEXL
_2CC
999 _c819375
_d819375